| 000 | nam a22 a 4500 | ||
|---|---|---|---|
| 999 |
_c188 _d188 |
||
| 003 | AKMAL | ||
| 005 | 20170425114842.0 | ||
| 008 | 170425s2014 my | e l 000 0 may d | ||
| 020 |
_a9789677014358 (2014) : _cRM46.00 |
||
| 040 | _aAKMAL | ||
| 082 | 0 | 4 |
_a354.595001 MAL _222 |
| 090 | 0 | 0 |
_a354.595001 _bMAL |
| 110 | 1 |
_aMalaysia _9400 |
|
| 245 | 1 | 0 |
_aPerintah-perintah am [bab "A"-bab "G"] : Peraturan-peraturan lembaga tatatertib perkhidmatan awam ; Arahan perbendaharaan ; Panduan pengurusan pejabat ; Panduan perbendaharaan tatacara pengurusan stor ; Tatacara pengurusan aset alih kerajaan ; Akta acara kewangan ; Surat pekeliling : (semua pindaan hingga September, 2014) _cdisusun semula oleh Penasihat Undang-undang MDC _b: buku panduan untuk peperiksaan am kerajaan / |
| 250 | _aEd. 2014 | ||
| 260 |
_aKuala Lumpur : _bMDC Publishers, _c2014 |
||
| 300 |
_a927ms. ; _c30cm. |
||
| 500 | _aCetakan Ketigapuluh empat 2014 | ||
| 500 | _aKepala judul kulit depan: Buku panduan untuk peperiksaan am kerajaan | ||
| 650 | 1 | 0 |
_aCivil service _zMalaysia _9420 |
| 650 | 2 | 0 |
_aAdministrative agencies _zMalaysia _xRules and practice _9424 |
| 650 | 2 | 0 |
_aAdministrative procedure _zMalaysia _9425 |
| 651 | 0 |
_aMalaysia _xOfficials and employees _9426 |
|
| 710 | 2 |
_aPenasihat Undang-Undang MDC _9405 |
|
| 942 |
_2ddc _cBOOK |
||
| 950 | _lAKMAL | ||